000 00504nam a22001817a 4500
003 BD-ChCU
005 20260429100220.0
008 260429b bg ||||| |||| 00| 0 ben d
040 _cBD-ChCU
082 _a658 TOB
100 _aTonne , Herbert A.
_922049
245 _aBusiness :
_bPrinciples organization and management .
_cA Herbert , Tonne .
250 _a2nd ed.
260 _aNew York :
_bMcGraw - Hill ,
_cC 1963
300 _ax , 502p.
650 0 _aManagement .
_922052
942 _2ddc
_cBK
_n0
999 _c112503
_d112503